| Tag |
First Indicator |
Second Indicator |
Subfields |
| LEADER |
00000cam a2200000 4500 |
| 001 |
in00000057548 |
| 005 |
20220831175438.7 |
| 008 |
741209s1940 eng u |
| 010 |
|
|
|a 40028842
|
| 035 |
|
|
|a (OCoLC)01102811
|
| 035 |
|
|
|9 AAF7514AM
|
| 040 |
|
|
|c IWU
|d TXA
|d UtOrBLW
|
| 049 |
|
|
|a TXAF
|c [452860]
|
| 050 |
0 |
0 |
|a Z1361.N39
|b H3
|
| 082 |
0 |
|
|a 016.325260973
|
| 090 |
|
|
|a E185
|b .C58 1940
|
| 092 |
|
|
|a 325.26
|b A1H232c
|
| 110 |
2 |
|
|a Collis P. Huntington Library (Hampton Institute)
|
| 245 |
1 |
2 |
|a A classified catalogue of the Negro collection in the Collis P. Huntington library, Hampton institute /
|c Compiled by M.A. Howe and R.E. Lewi s.
|
| 264 |
|
1 |
|a Hampton, Va. :
|b Hampton Institute,
|c 1940.
|
| 300 |
|
|
|a 5 pages ., 255 pages, 35 unnumbered pages ;
|c 282 cm.
|
| 336 |
|
|
|a text
|b txt
|2 rdacontent
|
| 337 |
|
|
|a unmediated
|b n
|2 rdamedia
|
| 338 |
|
|
|a volume
|b nc
|2 rdacarrier
|
| 500 |
|
|
|a Reproduced from type-written copy.
|
| 650 |
|
0 |
|a African Americans
|v Bibliography
|v Catalogs.
|
| 650 |
|
0 |
|a Blacks
|z Africa
|x Bibliography.
|
| 710 |
2 |
|
|a Writers' Program (Va.)
|
| 999 |
|
|
|a MARS
|
| 999 |
f |
f |
|s e2a5134b-4e25-3ee2-a2f8-3f5ea95db5dd
|i 499c29ea-772a-33c3-a7b9-24407d8c0f32
|t 0
|
| 952 |
f |
f |
|p ric
|a Texas A&M University
|b Rellis Campus
|c Joint Library Facility
|d Remote Storage
|t 0
|e E185 .C58 1940
|h Library of Congress classification
|i unmediated -- volume
|m A14805913328
|
| 998 |
f |
f |
|a E185 .C58 1940
|t 0
|l Remote Storage
|